Palestine: kalayum kalapavum(പലസ്തീൻ : കലയും കലാപവും) (Record no. 114357)

MARC details
000 -LEADER
fixed length control field 00491 a2200157 4500
005 - DATE AND TIME OF LATEST TRANSACTION
control field 20260122094412.0
008 - FIXED-LENGTH DATA ELEMENTS--GENERAL INFORMATION
fixed length control field 260114b |||||||| |||| 00| 0 eng d
020 ## - INTERNATIONAL STANDARD BOOK NUMBER
International Standard Book Number 9788196525224
080 ## - UNIVERSAL DECIMAL CLASSIFICATION NUMBER
Universal Decimal Classification number 89M-94
Item number ANS/P;1
100 ## - MAIN ENTRY--PERSONAL NAME
Personal name Ansar, M K ed.
245 ## - TITLE STATEMENT
Title Palestine: kalayum kalapavum(പലസ്തീൻ : കലയും കലാപവും)
260 ## - PUBLICATION, DISTRIBUTION, ETC. (IMPRINT)
Name of publisher, distributor, etc Hamlet publica.
Date of publication, distribution, etc 2024.
Place of publication, distribution, etc Ernakulam.
300 ## - PHYSICAL DESCRIPTION
Extent 197p.
653 ## - INDEX TERM--UNCONTROLLED
Uncontrolled term Memories -malayalam literature-palestine.
942 ## - ADDED ENTRY ELEMENTS (KOHA)
item type Under processing
Holdings
Lost status Source of classification or shelving scheme Not for loan Home library Current library Date acquired Cost, normal purchase price Total Checkouts Full call number Barcode Date last seen Cost, replacement price Price effective from Koha item type Public note
  Universal Decimal Classification Not For Loan University Library University Library 21/02/2025 200.01   89M-94 ANS/P 00096711 21/02/2025 300.00 21/02/2025 Books Processing
  Universal Decimal Classification Not For Loan University Library University Library 11/03/2025 200.01   89M-94 ANS/P;1 00097022 11/03/2025 300.00 11/03/2025 Books Processing
University Library, CUSAT